| 000 | 00815nam a22002657a 4500 | ||
|---|---|---|---|
| 003 | OSt | ||
| 005 | 20260202015529.0 | ||
| 008 | 260202b |||||||| |||| 00| 0 eng d | ||
| 020 | _a978-981-3157-45-3 | ||
| 040 |
_aDWC-Main lib _cOC |
||
| 082 |
_22nd global edition _aCirc. 657.044 I61 2019 |
||
| 100 | _aJ. David Spiceland | ||
| 245 |
_aIntermediate Accounting/ _cJ. David Spiceland |
||
| 250 | _a 2nd global edition | ||
| 260 |
_aN.Y : _bMcgrawhill education, _cc2019. |
||
| 300 |
_axxix, 1179 pages : _cillustrations , _b27 cm. |
||
| 504 | _aIncludes index and glossary | ||
| 650 | _aAccounting | ||
| 700 | _aMark W. Nelson | ||
| 700 | _aWayne B. Thomas | ||
| 700 | _aPearl Tan | ||
| 700 | _aBernardine Low | ||
| 700 | _aKin Yew Low | ||
| 942 |
_2ddc _cBK-CIRC _e 2nd global edition _kCirc. _n0 |
||
| 999 |
_c8087 _d8087 |
||